Chanson française par image #6 - Statistiques

Statistiques générales
  • Ce quiz a été pris 4 439 fois
  • Le résultat moyen est 9 sur 16
Statistiques - réponses
Par images Hint Réponse % Correct
Raphaël Caravane
89%
Joe Dassin Les Dalton
87%
Serge Lama Je suis malade
78%
OrelSan (feat. Stromae) La Pluie
70%
Rose Laurens Africa
69%
Charles Aznavour Hier encore
65%
Kyo Le Graal
60%
Corynne Charby Boule de Flipper
49%
Yannick Noah Angela
46%
France Gall Sacré Charlemagne
46%
Dalida Il venait d'avoir 18 ans
44%
BB Brunes Coups et Blessures
40%
"Roméo et Juliette", la commédie musicale Les Rois du monde
40%
Richard Anthony J'entends siffler le train
29%
Ménélik Bye Bye
28%
Mike Brant Rien qu'une larme
16%
Aucun quiz correspondant
Distribution des résultats
% des personnes avec chaque résultat
Percentile par nombre de réponses
Votre historique - résultats
Vous n’avez pas pris ce quiz